LEADER 01166nam a2200229 i 4500 001 000000014065 003 CaOOAMICUS 005 20220725100801.0 008 180830s1824 it u000 u fre u 040 $aSeMil$bita 100 1 $aBossuet, Jacques-Bénigne,$c.$0(OLS)http://semarc/name/1094 245 10$aPolitique tirée des propres paroles de l'écriture sainte à monseigneur Le Daupin, ouvrage posthume de messire Jacques-Bénigne Bossuet évêque de Meaux. Tome 1. [-3.]. 250 $aD'après la première édition de Paris de 1709. 260 $aTurin :$bDe l'Imprimerie d'A. Alliana,$c1824-1825. 300 $a3 v. ;$c8°. 500 $aNon posseduto il vol. 3. 700 1 $aAlliana, Andrea,$c.$0(OLS)http://semarc/name/6633 774 0 $tTome 1.$g1$w()80161 774 0 $tTome 2.$g2$w()224887 996 $6245$aPolitique tirée des propres paroles de l'écriture sainte à monseigneur Le Daupin, ouvrage posthume de messire Jacques-Bénigne Bossuet évêque de Meaux. Tome 1. [-3.]$9(OLS)http://semarc/title/18673 996 $6260$aTurin :$bDe l'Imprimerie d'A. Alliana$9(OLS)http://semarc/publisher/33809 LEADER 01382nam a2200301 i 4500 001 000000076971 003 CaOOAMICUS 005 20070704000000.0 008 010822s1995 it u000 u ita u 013 $a48143 040 $aSeMil$bita 100 1 $aMacchione, Pietro.$0(OLS)http://semarc/name/12379 245 13$aLa sponda operosa :$bsocietà, industria e arte da Sesto Calende a Maccagno /$cPietro Macchione, Alberto Bertoni. 260 $aAzzate (VA) :$bMacchione,$ccopyr. 1995. 300 $a261 p., [12] p. di tav. :$bill. ;$c24 cm. 490 0 $aI naïf ;$v12 500 $aContiene : Bibliografia. 650 4$aIndustria.$0(OLS)http://semarc/subject/8211 650 4$aLago Maggiore.$0(OLS)http://semarc/subject/8495 650 4$aVarese - Storia.$0(OLS)http://semarc/subject/23481 650 4$aVarese - Industrie.$0(OLS)http://semarc/subject/11028 700 1 $aBertoni, Alberto,$d<1961->.$0(OLS)http://semarc/name/37880 830 2$aI naïf ;$v12.$0(OLS)http://semarc/title/5913 850 $aSeMil 852 $aSeMil$W1$xVenegono$y1$m3P III 278$j43123$B43123$CSeMilBibl$Z2$F43530 $81 961 $aOmaggio: Cornati don Dario 996 $6245$aLa sponda operosa :$bsocietà, industria e arte da Sesto Calende a Maccagno$9(OLS)http://semarc/title/124894 996 $6260$aAzzate (VA) :$bMacchione$9(OLS)http://semarc/publisher/31189